Llwytho...

News Coverage

Manylion Llyfryddiaeth
Prif Awdur: Rjasekhar J
Fformat: Printed Book
Cyhoeddwyd: Sonali Publications, New Delhi 2008
LEADER 00312nam a2200109 4500
082
100 |a Rjasekhar J 
245 |a News Coverage  |c Rjasekhar J 
260 |a Sonali Publications, New Delhi  |c 2008 
942 |c BK 
999 |c 198160  |d 198160 
952 |0 0  |1 0  |4 0  |7 0  |9 211509  |a DCI  |b DCI  |d 2019-10-29  |l 0  |p DCI4892  |r 2019-10-29  |w 2019-10-29  |y BK